000 00698nam a2200241Ia 4500
003 OSt
005 20220924153701.0
006 a|||||r|||| 00| 0
007 ta
008 220923b |||||||| |||| 00| 0 ben d
020 _c400
024 _a351260
037 _bM/2008/39, 11/09/2008, Mukta Dhara
_cTextual
040 _aARTS
_cARTS
_bben
041 _2ben
_aben
082 _aY73(P157):351, 157P4
100 _aChaudhry Dulal Ed.
_9229509
245 0 _aBanglor loksanskritir biswakosh
260 _c2004
650 _aSOCIOLOGY
942 _hY73(P157):351, 157P4
_cTEXL
_2CC
999 _c474486
_d474486